Κατάλογος Βιβλιοθηκών Mediterranean College

Οργάνωση και Διοίκηση / Εισαγωγή στο Management. (Record no. 775)

MARC details
000 -LEADER
fixed length control field 01665cam a22001934a 4500
005 - ΗΜΕΡΟΜΗΝΙΑ ΚΑΙ ΩΡΑ ΤΕΛΕΥΤΑΙΑΣ ΕΝΗΜΕΡΩΣΗΣ
Πεδίο ελέγχου 20250605163945.0
008 - FIXED-LENGTH DATA ELEMENTS--GENERAL INFORMATION
Πεδίο ελέγχου σταθερού μήκους 250528s ||||||||||||||||||||||||d
035 ## - SYSTEM CONTROL NUMBER
System control number 15181
040 ## - ΠΗΓΗ ΚΑΤΑΛΟΓΟΓΡΑΦΗΣΗΣ
Φορέας πρωτότυπης καταλογογράφησης MC Athens Campus Library
Γλώσσα καταλογογράφησης Ελληνικά, Μοντέρνα (1453-)
Modifying agency MC Athens Campus Library
Κανόνες περιγραφικής καταλογογράφησης AACR2
245 1# - ΤΙΤΛΟΣ ΚΑΙ ΔΗΛΩΣΗ ΥΠΕΥΘΥΝΟΤΗΤΑΣ
Τίτλος Οργάνωση και Διοίκηση / Εισαγωγή στο Management.
Number of part/section of a work Τόμος Πρώτος
260 ## - PUBLICATION, DISTRIBUTION, ETC.
Name of publisher, distributor, etc. Βιβλιοεκδοτικη Α.Ε,
Date of publication, distribution, etc. 1993
300 ## - PHYSICAL DESCRIPTION
Extent 128
505 0# - FORMATTED CONTENTS NOTE
Formatted contents note Πρόλογος, Βασικές Έννοιες της Οργανοδιοικητικής, Επιχειρηματική Δραστηριότητα, Τύποι και Συστήματα στον Επιχειρηματικό Χώρο, Η Οργάνωση των Επιχειρήσεων, Θεωρητικό Υπόβαθρο Αρχών Διοίκησης Επιχειρήσεων, Επιλογή και Πρόσληψη του Προσωπικού, Η Μεταβολή των Υποθέσεων, Ελληνική και Ξένη Βιβλιογραφία.
520 ## - SUMMARY, ETC.
Summary, etc. Πρόλογος, Βασικές Έννοιες της Οργανοδιοικητικής, Επιχειρηματική Δραστηριότητα, Τύποι και Συστήματα στον Επιχειρηματικό Χώρο, Η Οργάνωση των Επιχειρήσεων, Θεωρητικό Υπόβαθρο Αρχών Διοίκησης Επιχειρήσεων, Επιλογή και Πρόσληψη του Προσωπικού, Η Μεταβολή των Υποθέσεων, Ελληνική και Ξένη Βιβλιογραφία.
700 1# - ΠΡΟΣΘΕΤΗ ΑΝΑΓΡΑΦΗ--ΦΥΣΙΚΟ ΠΡΟΣΩΠΟ
Personal name Καραγιάννης Στέφανος
9 (RLIN) 1033
942 ## - ADDED ENTRY ELEMENTS (KOHA)
Koha item type Books
Holdings
Τύπος τεκμηρίου Βιβλιοθήκη Τρέχουσα τοποθεσία Barcode Αριθμός εισαγωγής Ημερομηνία απόκτησης Ταξιθετικό σύμβολο Αριθμός αντιτύπου Κατάσταση απόσυρσης Κατάσταση χαμένου Κατάσταση κατεστραμμένου Μη δανεισμός Σύνολο δανεισμών Ημερομηνία τελευταίας εμφάνισης Η τιμή ισχύει από
Books MC Athens Campus Library MC Athens Campus Library 9780000007742 1414 05/06/2025 658 KAR V.I 1           05/06/2025 05/06/2025

MC Athens Campus Library
Πατησίων 94 & Κοδριγκτώνος 13, 104 34
Πελλήνης 8 & Πατησίων 107, 112 51
Τ: +30 210 8899600

MC Thessaloniki Campus Library
Ίωνος Δραγούμη 21, 54625 | Ίωνος Δραγούμη 15, 54625
Τ: +30 2310 287779 – Τ: +30 2314 440300